000 00356nam a2200157Ia 4500
008 160316s9999 xxu||||| |||| 00| 0 eng d
082 _a346.066000
_bCOM-4
100 _a
245 _aVarious committee reports on coporate governance
250 _a
260 _a
_b
_c0
300 _a
_b
_c
365 _b
650 _a1. Corporate Law
700 _a
_a
999 _c18705
_d18705